[Event "Solingen-ch"]
[Site "Solingen"]
[Date "2009.09.15"]
[Round "5"]
[White "Goerke, Joachim"]
[Black "Blomel, Christopher"]
[Result "1-0"]
[WhiteElo "2154"]
[BlackElo "2058"]
[PlyCount "39"]
[EventDate "2009.09.15"]
[EventType "swiss"]
[EventRounds "7"]
[EventCountry "GER"]
[SourceTitle "EXT 2011"]
[Source "ChessBase"]
[SourceDate "2010.11.26"]
[SourceVersion "1"]
[SourceVersionDate "2010.11.26"]
[SourceQuality "1"]

1. e4 e5 2. Nf3 Nc6 3. Bc4 Nf6 4. d3 h6 5. c3 d6 6. Nbd2 g6 7. b4 d5 8. exd5 Nxd5 9. Qb3 Be6 10. 0-0 Nf4 11. Ne4 Bxc4 12. dxc4 Ne2+ 13. Kh1 Nxc1 14. Raxc1 Qe7 15. Rcd1 Qe6 16. Rd5 f5 17. c5 Be7 18. Ng3 e4 19. Re1 Bf6 20. Re5 1-0

[Event "Niederrhein-ch"]
[Site "Moers"]
[Date "2009.04.08"]
[Round "6"]
[White "Vasiljev, Jurij"]
[Black "Blomel, Christopher"]
[Result "1-0"]
[WhiteElo "2054"]
[BlackElo "2052"]
[PlyCount "169"]
[EventDate "2009.04.03"]
[EventType "swiss"]
[EventRounds "9"]
[EventCountry "GER"]
[SourceTitle "EXT 2010"]
[Source "ChessBase"]
[SourceDate "2010.11.25"]
[SourceVersion "1"]
[SourceVersionDate "2010.11.25"]
[SourceQuality "1"]

1. d4 f5 2. c4 Nf6 3. Nc3 g6 4. Nf3 Bg7 5. g3 0-0 6. Bg2 d6 7. 0-0 Qe8 8. Re1 Qf7 9. Qb3 Ne4 10. Ng5 Nxg5 11. Bxg5 Nc6 12. d5 Ne5 13. Nb5 e6 14. Nd4 Kh8 15. dxe6 Bxe6 16. Nxe6 Qxe6 17. Bxb7 Rab8 18. Bd5 Rxb3 19. Bxe6 Rxb2 20. Be3 Ng4 21. Bf4 Re8 22. Bd5 Rbxe2 23. Rxe2 Rxe2 24. Rb1 Bd4 25. Rb8+ Kg7 26. Rg8+ Kf6 27. Rf8+ Ke7 28. Rf7+ Ke8 29. Rxh7 Rxf2 30. Kh1 Rxa2 31. Bf7+ Kf8 32. Bxg6 Nf2+ 33. Kg2 Nd3+ 34. Kh3 Nxf4+ 35. gxf4 Bg7 36. Bxf5 a5 37. Be6 c5 38. Kg4 a4 39. Rh3 a3 40. Kf5 Ra1 41. Rb3 Bb2 42. Rb8+ Kg7 43. Rb7+ Kh8 44. Kg6 Rg1+ 45. Kh6 Bg7+ 46. Kh5 a2 47. Rb8+ Bf8 48. Rxf8+ Kh7 49. Ra8 a1Q 50. Rxa1 Rxa1 51. Kg5 Kg7 52. h4 Re1 53. Bd5 Re3 54. h5 Rg3+ 55. Kf5 Re3 56. h6+ Kxh6 57. Kf6 Re2 58. Be6 Kh7 59. f5 Rd2 60. Ke7 d5 61. cxd5 c4 62. f6 Rf2 63. d6 c3 64. d7 c2 65. d8Q c1Q 66. Qg8+ Kh6 67. Qg7+ Kh5 68. Qg4+ Kh6 69. Qh4+ Kg6 70. Qg3+ Kh6 71. Qxf2 Qc7+ 72. Bd7 Qe5+ 73. Be6 Qc7+ 74. Ke8 Qc6+ 75. Bd7 Qa8+ 76. Ke7 Qa3+ 77. Ke6 Qb3+ 78. Ke5 Qb8+ 79. Kf5 Qb1+ 80. Kf4 Qc1+ 81. Kg3 Qc7+ 82. Qf4+ Qxf4+ 83. Kxf4 Kg6 84. Ke5 Kf7 85. Kf5 1-0

[Event "Niederrhein-ch"]
[Site "Moers"]
[Date "2009.04.04"]
[Round "2"]
[White "Zielinski, Werner"]
[Black "Blomel, Christopher"]
[Result "0-1"]
[WhiteElo "1954"]
[BlackElo "2052"]
[PlyCount "71"]
[EventDate "2009.04.03"]
[EventType "swiss"]
[EventRounds "9"]
[EventCountry "GER"]
[SourceTitle "EXT 2010"]
[Source "ChessBase"]
[SourceDate "2010.11.25"]
[SourceVersion "1"]
[SourceVersionDate "2010.11.25"]
[SourceQuality "1"]

1. d4 f5 2. e4 fxe4 3. Nc3 Nf6 4. Bg5 c6 5. Bxf6 exf6 6. Nxe4 d5 7. Ng3 Bd6 8. Bd3 Qe7+ 9. Qe2 0-0 10. 0-0-0 f5 11. Qxe7 Bxe7 12. Nf3 f4 13. Ne2 Nd7 14. Kb1 Bd6 15. Nd2 b5 16. f3 Nb6 17. b3 Rb8 18. g3 Nc4 19. Ka1 Ne3 20. Rde1 Bf5 21. Nxf4 Bxf4 22. gxf4 Rbe8 23. Kb2 Bxd3 24. cxd3 Rxf4 25. Rc1 Re6 26. Kc3 a5 27. a3 Nf5 28. Rhe1 Rxe1 29. Rxe1 Kf7 30. b4 a4 31. Kb2 Nxd4 32. Kc3 g5 33. Re5 h6 34. Re3 Nf5 35. Re5 Nh4 36. Re3 0-1

[Event "Duesseldorf Nord Cup 8th GrD"]
[Site "Duesseldorf"]
[Date "2008.08.02"]
[Round "3"]
[White "Welzel, Philipp"]
[Black "Blomel, Christopher"]
[Result "1-0"]
[WhiteElo "1886"]
[BlackElo "1926"]
[PlyCount "119"]
[EventDate "2008.08.01"]
[EventType "tourn"]
[EventRounds "5"]
[EventCountry "GER"]
[SourceTitle "EXT 2017"]
[Source "ChessBase"]
[SourceDate "2016.10.25"]
[SourceVersion "1"]
[SourceVersionDate "2016.10.25"]
[SourceQuality "1"]

1. d4 d5 2. c4 e5 3. dxe5 d4 4. Nf3 Nc6 5. Nbd2 Bg4 6. a3 Be7 7. Nb3 Bxf3 8. exf3 a5 9. Bf4 Qd7 10. Bd3 f5 11. Qc2 g6 12. 0-0 a4 13. Nd2 Bc5 14. Rfe1 Nge7 15. Bh6 Qe6 16. f4 Nd8 17. Bg7 Rg8 18. Bf6 Ndc6 19. Nf3 h6 20. b4 axb3 21. Qxb3 Kf7 22. Red1 b6 23. Bf1 Rgd8 24. Ne1 Rd7 25. Nd3 Ra5 26. Be2 Ng8 27. Bh4 Be7 28. Bg3 Bd8 29. Bf3 Nce7 30. Nb4 c5 31. Nd5 g5 32. h3 Kg7 33. a4 Nc8 34. Qd3 Rda7 35. Nc3 Nge7 36. Nb5 Rd7 37. Re1 Bc7 38. Nxc7 Rxc7 39. fxg5 hxg5 40. Bd5 Qg6 41. Bf3 Rca7 42. Bd1 f4 43. Qxg6+ Kxg6 44. Bh2 Nf5 45. Bc2 Nce7 46. h4 Kh6 47. hxg5+ Kxg5 48. Re4 Ng6 49. Kf1 Rh7 50. Kg1 Re7 51. Ra3 Rxe5 52. Bxf4+ Nxf4 53. Rxe5 d3 54. Bxd3 Nxd3 55. Rxd3 Kf6 56. Red5 Ke6 57. g4 Nd4 58. R3xd4 cxd4 59. Rxa5 bxa5 60. Kf1 1-0

[Event "Berlin Unicorn op"]
[Site "Berlin"]
[Date "2008.04.30"]
[Round "1"]
[White "Blomel, Christopher"]
[Black "Schlemermeyer, Wilhelm"]
[Result "1/2-1/2"]
[WhiteElo "2025"]
[BlackElo "2310"]
[PlyCount "83"]
[EventDate "2008.04.30"]
[EventType "swiss"]
[EventRounds "7"]
[EventCountry "GER"]
[SourceTitle "CBM 124 Extra"]
[Source "ChessBase"]
[SourceDate "2008.07.03"]
[SourceVersion "1"]
[SourceVersionDate "2008.07.03"]
[SourceQuality "1"]

1. e4 c5 2. Nf3 d6 3. Bb5+ Bd7 4. Bxd7+ Qxd7 5. 0-0 Nc6 6. c3 Nf6 7. d4 cxd4 8. cxd4 d5 9. e5 Ng8 10. Nc3 e6 11. Ne1 Nge7 12. f4 Nf5 13. Nc2 Rc8 14. g4 Ncxd4 15. Nxd4 Nxd4 16. Be3 Nc6 17. Qe2 Be7 18. Rad1 0-0 19. g5 Qe8 20. Qg4 Kh8 21. Rf3 f5 22. exf6 gxf6 23. Rh3 f5 24. Qg2 Qg6 25. Kh1 Rg8 26. Qe2 Bf8 27. Nb5 Bg7 28. Nd4 Rge8 29. Nf3 e5 30. Nh4 Qe6 31. Qh5 Ne7 32. Bc5 Kg8 33. Bxe7 Rxe7 34. g6 h6 35. Nxf5 Rec7 36. Nxh6+ Bxh6 37. Qxh6 Qf6 38. fxe5 Qxe5 39. Re3 Qf6 40. Rde1 Rf8 41. Rh3 d4 42. Qh4 1/2-1/2

[Event "Dortmund op-B"]
[Site "Dortmund"]
[Date "2007.06.24"]
[Round "3"]
[White "Blomel, Christopher"]
[Black "Grosse Venhaus, Peter"]
[Result "1-0"]
[WhiteElo "1848"]
[BlackElo "1622"]
[PlyCount "49"]
[EventDate "2007.06.22"]
[EventType "swiss"]
[EventRounds "9"]
[EventCountry "GER"]
[SourceTitle "EXT 2008"]
[Source "ChessBase"]
[SourceDate "2007.11.25"]
[SourceVersion "1"]
[SourceVersionDate "2007.11.25"]
[SourceQuality "1"]

1. e4 e5 2. d4 exd4 3. Nf3 d6 4. Bc4 Be7 5. c3 d3 6. Qb3 Be6 7. Bxe6 fxe6 8. Nd4 Nd7 9. Nxe6 Qc8 10. Nxg7+ Kd8 11. Qf7 Ndf6 12. Ne6+ Kd7 13. Ng5 h6 14. Qg7 hxg5 15. Qxh8 Nxe4 16. Qh3+ Kd8 17. Qxd3 Nc5 18. Qg6 Nf6 19. 0-0 g4 20. Bg5 Nce4 21. Bxf6 Nxf6 22. Nd2 c6 23. Ne4 Nxe4 24. Qxe4 Kc7 25. Qxe7+ 1-0

[Event "Niederrhein-ch"]
[Site "Krefeld"]
[Date "2007.04.03"]
[Round "5"]
[White "Speck, Stefan"]
[Black "Blomel, Christopher"]
[Result "1-0"]
[WhiteElo "1969"]
[BlackElo "1794"]
[PlyCount "81"]
[EventDate "2007.03.30"]
[EventType "swiss"]
[EventRounds "9"]
[EventCountry "GER"]
[SourceTitle "EXT 2010"]
[Source "ChessBase"]
[SourceDate "2010.11.25"]
[SourceVersion "1"]
[SourceVersionDate "2010.11.25"]
[SourceQuality "1"]

1. e4 e5 2. Nf3 f5 3. Bc4 fxe4 4. Nxe5 d5 5. Qh5+ g6 6. Nxg6 hxg6 7. Qxg6+ Ke7 8. d4 Qe8 9. Bg5+ Kd7 10. Qf5+ Kc6 11. Bxd5+ Kb6 12. Qxe4 Qxe4+ 13. Bxe4 Bg7 14. Be3 c6 15. Nd2 Nf6 16. Nc4+ Kc7 17. Bf4+ Kd8 18. Bd3 Re8+ 19. Ne5 Nbd7 20. 0-0-0 Nxe5 21. dxe5 Nd5 22. Bg5+ Kc7 23. f4 Rg8 24. Rde1 Nb4 25. Bc4 Nd5 26. Bxd5 cxd5 27. h3 Bd7 28. g4 Rae8 29. Bh4 Rgf8 30. Bg3 Bh6 31. Rhf1 Kc6 32. Kb1 d4 33. f5 Be3 34. e6 Bxe6 35. fxe6 Rxf1 36. Rxf1 Rxe6 37. a4 b5 38. axb5+ Kxb5 39. Rf5+ Kb6 40. g5 Re4 41. g6 1-0

[Event "Niederrhein-ch"]
[Site "Krefeld"]
[Date "2007.04.02"]
[Round "4"]
[White "Blomel, Christopher"]
[Black "Schott, Detlef"]
[Result "1/2-1/2"]
[WhiteElo "1794"]
[BlackElo "1865"]
[PlyCount "39"]
[EventDate "2007.03.30"]
[EventType "swiss"]
[EventRounds "9"]
[EventCountry "GER"]
[SourceTitle "EXT 2010"]
[Source "ChessBase"]
[SourceDate "2010.11.25"]
[SourceVersion "1"]
[SourceVersionDate "2010.11.25"]
[SourceQuality "1"]

1. e4 a6 2. d4 b5 3. Nf3 Bb7 4. Bd3 e6 5. a4 b4 6. c3 c5 7. Bd2 cxd4 8. Nxd4 Nc6 9. Qe2 Nxd4 10. cxd4 Nf6 11. f3 Be7 12. 0-0 0-0 13. Qe1 a5 14. Be3 Ba6 15. Bxa6 Rxa6 16. Nd2 d5 17. Rc1 Qa8 18. Bg5 h6 19. Bh4 Bd8 20. e5 1/2-1/2

[Event "Niederrhein-ch"]
[Site "Krefeld"]
[Date "2007.03.30"]
[Round "1"]
[White "Vasiljev, Jurij"]
[Black "Blomel, Christopher"]
[Result "1-0"]
[WhiteElo "2032"]
[BlackElo "1794"]
[PlyCount "77"]
[EventDate "2007.03.30"]
[EventType "swiss"]
[EventRounds "9"]
[EventCountry "GER"]
[SourceTitle "EXT 2010"]
[Source "ChessBase"]
[SourceDate "2010.11.25"]
[SourceVersion "1"]
[SourceVersionDate "2010.11.25"]
[SourceQuality "1"]

1. d4 d5 2. c4 Nc6 3. cxd5 Qxd5 4. e3 e5 5. Nc3 Bb4 6. Bd2 Bxc3 7. bxc3 Qd6 8. Bd3 f5 9. f3 Nf6 10. Qc2 Ne7 11. Ne2 0-0 12. 0-0 c5 13. Rab1 a6 14. e4 fxe4 15. fxe4 b5 16. dxe5 Qxe5 17. Bf4 Qh5 18. Ng3 Qh4 19. Bd6 Re8 20. Qf2 Be6 21. h3 c4 22. Bc2 Rad8 23. Rbd1 Nc8 24. Bc7 Rd7 25. Rxd7 Nxd7 26. e5 Ne7 27. Ne4 Qxf2+ 28. Rxf2 Nd5 29. Bd6 h6 30. a4 Ne3 31. axb5 axb5 32. Bb1 Bd5 33. Re2 Nd1 34. Rd2 Bxe4 35. Bxe4 Nf6 36. Bg6 Nxc3 37. Bxe8 Nxe8 38. Bb4 Ne4 39. Rd8 1-0